[Event "AUT2o-chT"]
[Site "Ybbs"]
[Date "2001.01.20"]
[Round "6.5"]
[White "Zaynard, Andreas"]
[Black "Kreindl, Helmut"]
[Result "1/2-1/2"]
[WhiteElo "2074"]
[BlackElo "2179"]
[Annotator "ALJECHIN-TSCHATURANGA"]
[PlyCount "94"]
[EventDate "2001.01.20"]

1. d3 d5 2. f4 Nf6 3. g3 c6 4. Bg2 Nbd7 5. Nh3 e5 6. e3 Qb6 7. Nf2 Bc5 8. Qe2
Bd6 9. c3 O-O 10. e4 dxe4 11. dxe4 exf4 12. gxf4 Re8 13. O-O Nf8 14. Na3 Bxa3
15. bxa3 Bg4 16. Qc4 Rad8 17. Kh1 Ng6 18. e5 Be6 19. Qe2 Nd5 20. Ne4 Bf5 21. c4
Bxe4 22. Qxe4 Nc7 23. Be3 Qa6 24. Rad1 Qxa3 25. Rxd8 Rxd8 26. f5 Nf8 27. f6 g6
28. h4 h5 29. Bh6 Nfe6 30. Be3 Qxa2 31. Bf3 Kf8 32. Rg1 Ke8 33. Bxh5 gxh5 34.
Qh7 Qxc4 35. Rg8+ Kd7 36. Qxf7+ Kc8 37. Rxd8+ Kxd8 38. Qg8+ Kd7 39. Qf7+ Kc8
40. Qg8+ Kd7 41. Qh7+ Kd8 42. Qg8+ Ne8 43. f7 Qe4+ 44. Kh2 Qxe5+ 45. Kg2 Qe4+
46. Kf2 Qxh4+ 47. Kg2 Qe4+ 1/2-1/2

[Event "AUT2o-chT"]
[Site "Ybbs"]
[Date "2001.01.20"]
[Round "6.6"]
[White "Schwaninger, Wolfgang"]
[Black "Vitouch, Anatol"]
[Result "0-1"]
[WhiteElo "2108"]
[BlackElo "2084"]
[Annotator "ALJECHIN-TSCHATURANGA"]
[PlyCount "64"]
[EventDate "2001.01.20"]

1. d4 Nf6 2. Nf3 b6 3. g3 e6 4. Bg2 Bb7 5. O-O Be7 6. c4 O-O 7. Nc3 Ne4 8. d5
Nxc3 9. bxc3 Na6 10. e4 d6 11. Nd4 e5 12. Nf5 Bf6 13. Be3 Nc5 14. Bxc5 bxc5 15.
Rb1 Bc8 16. h4 Qe8 17. Ne3 Ba6 18. Bh3 g6 19. Re1 Bg7 20. Qb3 Bh6 21. Qa3 Bxe3
22. Rxe3 Bxc4 23. Rb7 Rb8 24. Rxc7 Rb1+ 25. Kh2 Qb5 26. Qxa7 Qb2 27. Rf3 Qc1
28. Bg2 Qg1+ 29. Kh3 Bf1 30. Rfxf7 Qxg2+ 31. Kg4 Qxe4+ 32. Kg5 Qf5+ 0-1

[Event "AUT2o-chT"]
[Site "Ybbs"]
[Date "2001.01.20"]
[Round "6.1"]
[White "Sommerbauer, Norbert"]
[Black "Polak, Thomas"]
[Result "1/2-1/2"]
[WhiteElo "2391"]
[BlackElo "2499"]
[Annotator "YBBS-STOCKERAU"]
[PlyCount "33"]
[EventDate "2001.01.20"]

1. Nf3 Nf6 2. c4 e6 3. g3 d5 4. b3 Be7 5. Bg2 b6 6. O-O Bb7 7. Bb2 O-O 8. e3 c5
9. Nc3 Nbd7 10. d3 Qc7 11. Qc2 Rad8 12. e4 d4 13. Ne2 e5 14. Nh4 g6 15. Bc1 Nh5
16. Bh6 Rfe8 17. f4 1/2-1/2

[Event "AUT2o-chT"]
[Site "Ybbs"]
[Date "2001.01.20"]
[Round "6.2"]
[White "Groetz, Harald"]
[Black "Lanc, Alois"]
[Result "1/2-1/2"]
[WhiteElo "2258"]
[BlackElo "2392"]
[Annotator "YBBS-STOCKERAU"]
[PlyCount "82"]
[EventDate "2001.01.20"]

1. e4 c5 2. Nf3 Nc6 3. d4 cxd4 4. Nxd4 Nf6 5. Nc3 e5 6. Ndb5 d6 7. Bg5 a6 8.
Na3 b5 9. Nd5 Be7 10. Bxf6 Bxf6 11. c3 O-O 12. Nc2 Rb8 13. h4 g6 14. Qd2 Bg7
15. g3 Be6 16. Bg2 a5 17. O-O b4 18. cxb4 Bxd5 19. Qxd5 Nxb4 20. Nxb4 Rxb4 21.
Rfd1 Rxb2 22. Rab1 Rc2 23. Rd2 Rxd2 24. Qxd2 Qc7 25. Rb5 a4 26. Qd5 Rb8 27. Bf1
Rxb5 28. Bxb5 a3 29. Qc6 Qxc6 30. Bxc6 Bh6 31. g4 Bf4 32. Kg2 Kg7 33. f3 Bd2
34. Bd5 Be1 35. Kh3 h5 36. gxh5 gxh5 37. Bc6 Kf6 38. Bd5 Ke7 39. Bc6 f5 40. Bd5
fxe4 41. fxe4 Kf6 1/2-1/2

[Event "AUT2o-chT"]
[Site "Ybbs"]
[Date "2001.01.20"]
[Round "6.3"]
[White "Schoeneberg, Manfred"]
[Black "Wiedermann, Franz"]
[Result "1-0"]
[WhiteElo "2335"]
[BlackElo "2169"]
[Annotator "YBBS-STOCKERAU"]
[PlyCount "41"]
[EventDate "2001.01.20"]

1. e4 d5 2. exd5 Qxd5 3. Nc3 Qa5 4. d4 Nf6 5. Bc4 Bf5 6. Nf3 Nbd7 7. O-O c6 8.
Bb3 e6 9. Qe2 Be7 10. Ne5 Nxe5 11. dxe5 Nd7 12. g4 Bg6 13. f4 Bc5+ 14. Kg2 h5
15. f5 exf5 16. gxf5 Bh7 17. e6 Nf6 18. exf7+ Kf8 19. Bg5 Bd4 20. Rae1 Bxf5 21.
Qe7# 1-0

[Event "AUT2o-chT"]
[Site "Ybbs"]
[Date "2001.01.20"]
[Round "6.4"]
[White "Voegel, Wolfgang"]
[Black "Steiner, Heinz"]
[Result "0-1"]
[WhiteElo "2174"]
[BlackElo "2150"]
[Annotator "YBBS-STOCKERAU"]
[PlyCount "82"]
[EventDate "2001.01.20"]

1. d4 Nf6 2. Nf3 g6 3. c4 Bg7 4. Nc3 d6 5. e4 O-O 6. Be2 Na6 7. O-O c5 8. d5
Nc7 9. Nd2 e6 10. Kh1 a6 11. a4 Rb8 12. a5 exd5 13. cxd5 Re8 14. f4 Bd7 15. Qc2
Nb5 16. Nxb5 Bxb5 17. Bc4 Qd7 18. Ra3 Bxc4 19. Qxc4 Qb5 20. Ra4 b6 21. axb6
Rxb6 22. b3 Ng4 23. Rf3 Bd4 24. h3 Nf2+ 25. Kh2 Nxe4 26. Nxe4 Rxe4 27. Qxb5
axb5 28. Ra8+ Kg7 29. Bd2 b4 30. f5 Rb7 31. Rd8 Bf6 32. Ra8 c4 33. fxg6 Be5+
34. Kg1 hxg6 35. bxc4 Rxc4 36. Ra4 Rd4 37. Be3 Rd1+ 38. Kf2 b3 39. Rh4 b2 40.
Bh6+ Kg8 41. Ra3 b1=Q 0-1

[Event "AUT2o-chT"]
[Site "Ybbs"]
[Date "2001.01.20"]
[Round "6.5"]
[White "Steinwender, Peter"]
[Black "Pernerstorfer, Johannes"]
[Result "1-0"]
[WhiteElo "2145"]
[BlackElo "2165"]
[Annotator "YBBS-STOCKERAU"]
[PlyCount "99"]
[EventDate "2001.01.20"]

1. d4 Nf6 2. Nf3 c5 3. d5 b5 4. a4 b4 5. Bg5 Ne4 6. Bf4 d6 7. Qd3 Nf6 8. Nbd2
g6 9. e4 Bg7 10. Rb1 O-O 11. Be2 Nbd7 12. b3 Ng4 13. h3 Nge5 14. Qe3 Nxf3+ 15.
Qxf3 e5 16. dxe6 fxe6 17. Qg3 d5 18. O-O Nf6 19. Bd6 Rf7 20. Bxc5 a5 21. Rbd1
Rd7 22. e5 Ne8 23. Bb5 Rf7 24. Ne4 Bd7 25. Bxd7 Qxd7 26. Nd6 Nxd6 27. Bxd6 Rc8
28. f4 Rxc2 29. Rc1 Qc6 30. Rxc2 Qxc2 31. Qe3 Qc3 32. Qc5 Qxc5+ 33. Bxc5 Rc7
34. Bb6 Rc3 35. Rf3 Rc1+ 36. Kf2 Rc2+ 37. Ke3 Bf8 38. Kd4 Rxg2 39. Bxa5 Rd2+
40. Ke3 Rb2 41. Kd4 Be7 42. Bb6 Bh4 43. Kc5 Be1 44. a5 Bc3 45. a6 Rxb3 46. a7
Ra3 47. Kb5 b3 48. Rxc3 b2 49. Rxa3 b1=Q+ 50. Ka6 1-0

[Event "AUT2o-chT"]
[Site "Ybbs"]
[Date "2001.01.20"]
[Round "6.6"]
[White "Schirmbeck, Hannes"]
[Black "Koller, Hubert"]
[Result "0-1"]
[WhiteElo "2159"]
[BlackElo "2127"]
[Annotator "YBBS-STOCKERAU"]
[PlyCount "118"]
[EventDate "2001.01.20"]

1. e4 d6 2. d4 Nf6 3. Nc3 c6 4. a4 Nbd7 5. Be3 e5 6. Nf3 Be7 7. Be2 O-O 8. O-O
Qc7 9. Nd2 d5 10. f4 exd4 11. Bxd4 dxe4 12. Ndxe4 Re8 13. Bd3 Nxe4 14. Nxe4 c5
15. Bc3 c4 16. Be2 Bf8 17. Nd2 Nb6 18. Kh1 Bf5 19. Be5 Qd7 20. Nxc4 Qxd1 21.
Rfxd1 Bxc2 22. Rd2 Bxa4 23. h3 Nxc4 24. Bxc4 Bc6 25. Kh2 Bc5 26. g4 Rad8 27.
Rad1 Rxd2+ 28. Rxd2 Kf8 29. g5 f6 30. gxf6 gxf6 31. Bxf6 Be3 32. Rd8 Bxf4+ 33.
Kg1 Rxd8 34. Bxd8 h6 35. Kf2 Be5 36. b3 Bf4 37. Bf6 Ke8 38. Be6 Bg5 39. Bd4 b6
40. Kg3 Ke7 41. Bc4 Bd7 42. Be5 Be6 43. Ba6 Bxb3 44. Bb8 Kd7 45. Bxa7 Bd8 46.
Bxb6 Bxb6 47. Bb7 Ke7 48. Kg2 Bc7 49. Kh1 Kf6 50. Kg2 Kg5 51. Bc6 Be6 52. Bf3
Kh4 53. Kh1 Bxh3 54. Kg1 Kg3 55. Bc6 h5 56. Bb7 h4 57. Bc6 Bb6+ 58. Kh1 Bf1 59.
Bd7 Bg2# 0-1

[Event "AUT2o-chT"]
[Site "Ybbs"]
[Date "2001.01.21"]
[Round "7.1"]
[White "Polak, Thomas"]
[Black "Gross, Stefan"]
[Result "1-0"]
[WhiteElo "2499"]
[BlackElo "2357"]
[Annotator "STOCKERAU-EICHGRABEN/P."]
[PlyCount "69"]
[EventDate "2001.01.21"]

1. d4 Nf6 2. c4 g6 3. Nc3 Bg7 4. e4 O-O 5. Nf3 c6 6. Bd3 d6 7. O-O e5 8. Be3
Ng4 9. Bg5 Bf6 10. Bxf6 Qxf6 11. Be2 Qe7 12. Qd2 f5 13. dxe5 dxe5 14. Rad1 Nd7
15. Qg5 Qxg5 16. Nxg5 Nc5 17. b4 Ne6 18. Nf3 Nf4 19. Rfe1 Nxe2+ 20. Rxe2 Be6
21. h3 Bxc4 22. Ree1 Nf6 23. Nxe5 Be6 24. exf5 Bxf5 25. g4 Bc8 26. Re3 Re8 27.
Rd6 Kg7 28. f4 a5 29. b5 cxb5 30. Nxb5 Re7 31. Nd4 Bd7 32. g5 Nh5 33. Rxd7 Rae8
34. Rxe7+ Rxe7 35. f5 1-0

[Event "AUT2o-chT"]
[Site "Ybbs"]
[Date "2001.01.21"]
[Round "7.2"]
[White "Neumeier, Klaus"]
[Black "Groetz, Harald"]
[Result "1-0"]
[WhiteElo "2306"]
[BlackElo "2258"]
[Annotator "STOCKERAU-EICHGRABEN/P."]
[PlyCount "120"]
[EventDate "2001.01.21"]

1. e4 c5 2. Nc3 Nc6 3. g3 g6 4. Bg2 Bg7 5. d3 d6 6. f4 e6 7. Nf3 Nge7 8. O-O
O-O 9. Be3 Nd4 10. Qd2 Rb8 11. Rae1 b5 12. e5 Nef5 13. Bf2 Bb7 14. Ne4 Bxe4 15.
Rxe4 Nxf3+ 16. Bxf3 Qc7 17. g4 Ne7 18. Bh4 dxe5 19. fxe5 Nc6 20. Bf6 Nxe5 21.
g5 Nxf3+ 22. Rxf3 h5 23. gxh6 Bxf6 24. Rxf6 Kh7 25. Qg5 Rbd8 26. Rf3 Rg8 27.
Qf6 Rd5 28. Qxf7+ Qxf7 29. Rxf7+ Kxh6 30. Rxe6 c4 31. dxc4 bxc4 32. Rc6 Rb8 33.
b3 cxb3 34. axb3 a5 35. Rf3 Rd1+ 36. Kg2 Rd2+ 37. Kg3 Rb5 38. h4 Rd1 39. Kf2
Rd2+ 40. Ke3 Rg2 41. Rf4 Re5+ 42. Kd4 Ree2 43. c4 Rb2 44. Rf3 Rg4+ 45. Kc3 Ra2
46. Ra6 Kh5 47. Rh3 Rgg2 48. Kd4 Kg4 49. Rh1 Kf3 50. Rc1 Ke2 51. c5 Rg4+ 52.
Ke5 Rxh4 53. c6 Rh8 54. c7 Re8+ 55. Re6 Rc8 56. Kd6+ Kd2 57. Kd7 Kxc1 58. Kxc8
Rc2 59. Kd7 Rxc7+ 60. Kxc7 Kb2 1-0

[Event "AUT2o-chT"]
[Site "Ybbs"]
[Date "2001.01.21"]
[Round "7.3"]
[White "Wiedermann, Franz"]
[Black "Hechl, Gerald"]
[Result "0-1"]
[WhiteElo "2169"]
[BlackElo "2216"]
[Annotator "STOCKERAU-EICHGRABEN/P."]
[PlyCount "88"]
[EventDate "2001.01.21"]

1. d4 e6 2. c4 b6 3. d5 Bb7 4. a3 g6 5. Nc3 Bg7 6. Bd2 Ne7 7. e4 O-O 8. Bd3 f5
9. Nge2 fxe4 10. Bxe4 exd5 11. cxd5 Na6 12. b4 Nf5 13. O-O Nd6 14. Bd3 Qf6 15.
Rc1 Rae8 16. Qa4 Nb8 17. Qxa7 Na6 18. Ne4 Rxe4 19. Bxe4 Ra8 20. Qxa8+ Bxa8 21.
Bd3 Bb7 22. Rfd1 Qf7 23. Nc3 Be5 24. Be3 Qf6 25. Ne4 Nxe4 26. Bxe4 Qh4 27. f4
Bxf4 28. Bxf4 Qxf4 29. Re1 Kg7 30. Kh1 Qd6 31. Rcd1 Nb8 32. Bf3 Qf8 33. Re5 d6
34. Re6 Nd7 35. Rc1 Qd8 36. Re3 Qg5 37. Rec3 Bxd5 38. Rxc7 Bxf3 39. gxf3 Qf5
40. R1c3 Kh6 41. a4 Nf6 42. Rb3 Qd5 43. Rcc3 Qd1+ 44. Kg2 Nd5 0-1

[Event "AUT2o-chT"]
[Site "Ybbs"]
[Date "2001.01.21"]
[Round "7.4"]
[White "Wandl, Werner"]
[Black "Voegel, Wolfgang"]
[Result "1-0"]
[WhiteElo "2162"]
[BlackElo "2174"]
[Annotator "STOCKERAU-EICHGRABEN/P."]
[PlyCount "49"]
[EventDate "2001.01.21"]

1. e4 c6 2. d4 d5 3. exd5 cxd5 4. Bd3 g6 5. Bf4 Bg7 6. c3 Nf6 7. Nf3 Bg4 8.
Nbd2 Nh5 9. Be3 Nc6 10. h3 Bf5 11. Bxf5 gxf5 12. Nh4 f4 13. Qxh5 fxe3 14. fxe3
e6 15. O-O O-O 16. Rf2 Qe7 17. Raf1 f5 18. g4 Rf6 19. g5 Rff8 20. Ng2 b5 21.
Rf4 Rac8 22. Rh4 h6 23. gxh6 Bf6 24. h7+ Kh8 25. Nf4 1-0

[Event "AUT2o-chT"]
[Site "Ybbs"]
[Date "2001.01.21"]
[Round "7.1"]
[White "Rotstein, Arkadij"]
[Black "Sommerbauer, Norbert"]
[Result "1-0"]
[WhiteElo "2492"]
[BlackElo "2391"]
[Annotator "TSCHATURANGA-YBBS"]
[PlyCount "91"]
[EventDate "2001.01.21"]

1. c4 e6 2. d4 d5 3. Nc3 Be7 4. Nf3 Nf6 5. Bg5 O-O 6. e3 h6 7. Bh4 Ne4 8. Bxe7
Qxe7 9. Qc2 c6 10. Bd3 Nxc3 11. Qxc3 dxc4 12. Bxc4 c5 13. Qa3 Bd7 14. Be2 Rc8
15. Rc1 b5 16. Rxc5 Rxc5 17. O-O b4 18. Qxb4 Bb5 19. Bxb5 Rc7 20. Qxe7 Rxe7 21.
Rc1 Rb7 22. Rc8+ Kh7 23. Bd3+ f5 24. g4 g6 25. gxf5 gxf5 26. d5 Rg7+ 27. Kf1
Rg8 28. Rc3 exd5 29. Bxf5+ Kg7 30. Nd4 a5 31. Rc7+ Kf6 32. Be6 Rd8 33. f4 Ra6
34. Rf7+ Kg6 35. f5+ Kh5 36. Rg7 Rf8 37. Bf7+ Rxf7 38. Rxf7 Kg5 39. Rg7+ Kh5
40. Ke2 Rb6 41. b3 a4 42. Kf3 axb3 43. axb3 Nc6 44. Ne6 Kh4 45. Rg4+ Kh3 46.
Nf4+ 1-0

[Event "AUT2o-chT"]
[Site "Ybbs"]
[Date "2001.01.21"]
[Round "7.2"]
[White "Lanc, Alois"]
[Black "Lau, Ralf"]
[Result "1/2-1/2"]
[WhiteElo "2392"]
[BlackElo "2498"]
[Annotator "TSCHATURANGA-YBBS"]
[PlyCount "85"]
[EventDate "2001.01.21"]

1. e4 d5 2. exd5 Qxd5 3. Nc3 Qa5 4. d4 Nf6 5. Nf3 c6 6. Bc4 Bf5 7. Bd2 e6 8.
Nd5 Qd8 9. Nxf6+ gxf6 10. c3 Nd7 11. Qe2 Nb6 12. Bb3 a5 13. a3 Bg7 14. Nh4 Bg6
15. O-O-O Nd5 16. g4 Kf8 17. Nxg6+ hxg6 18. h4 Bh6 19. g5 fxg5 20. hxg5 Bg7 21.
Rxh8+ Bxh8 22. Qf3 b5 23. Kb1 Bg7 24. Re1 Kg8 25. Qg4 Qd7 26. f3 Rc8 27. Rd1
Qb7 28. Rc1 Rd8 29. Rc2 Qb6 30. Qh3 c5 31. dxc5 Qxc5 32. Qg4 a4 33. Bxd5 exd5
34. Bc1 Qc4 35. Qxc4 dxc4 36. Re2 Rd7 37. Be3 Rd5 38. f4 f6 39. gxf6 Bxf6 40.
Bb6 Kf7 41. Kc2 Be7 42. Bc7 Bf6 43. Bb8 1/2-1/2

[Event "AUT2o-chT"]
[Site "Ybbs"]
[Date "2001.01.21"]
[Round "7.3"]
[White "Wukits, Rene"]
[Black "Schoeneberg, Manfred"]
[Result "1/2-1/2"]
[WhiteElo "2347"]
[BlackElo "2335"]
[Annotator "TSCHATURANGA-YBBS"]
[PlyCount "41"]
[EventDate "2001.01.21"]

1. d4 Nf6 2. c4 d6 3. Nc3 Nbd7 4. e4 e5 5. d5 Be7 6. Be2 c6 7. Nf3 O-O 8. Nd2
cxd5 9. cxd5 a5 10. Na4 Rb8 11. Nc3 Nc5 12. O-O Bd7 13. a4 Ne8 14. f4 exf4 15.
Nc4 Nxa4 16. Nxa4 Bxa4 17. Qxa4 b5 18. Qxa5 bxc4 19. Bxc4 Nf6 20. Rxf4 Nd7 21.
Qxd8 1/2-1/2

[Event "AUT2o-chT"]
[Site "Ybbs"]
[Date "2001.01.21"]
[Round "7.4"]
[White "Steiner, Heinz"]
[Black "Wallner, Alfred"]
[Result "0-1"]
[WhiteElo "2150"]
[BlackElo "2226"]
[Annotator "TSCHATURANGA-YBBS"]
[PlyCount "66"]
[EventDate "2001.01.21"]

1. d4 Nf6 2. Nf3 g6 3. c4 Bg7 4. g3 O-O 5. Bg2 d6 6. O-O Nc6 7. Nc3 a6 8. h3
Rb8 9. Be3 b5 10. cxb5 axb5 11. Rc1 Bd7 12. d5 Na5 13. b4 Nc4 14. Bd4 Qc8 15.
Kh2 Qa6 16. Nd2 Nxd2 17. Qxd2 Rfc8 18. e4 c6 19. e5 dxe5 20. Bxe5 Ng4+ 21. hxg4
Bxe5 22. f4 Bxc3 23. Rxc3 cxd5 24. Rxc8+ Rxc8 25. Qxd5 Bxg4 26. Qg5 Qe6 27. Rf2
Bf5 28. Bf3 Qe3 29. Kg2 Bh3+ 30. Kxh3 Qxf2 31. Qd5 Rc2 32. Kg4 h5+ 33. Kg5
Qxg3+ 0-1

[Event "AUT2o-chT"]
[Site "Ybbs"]
[Date "2001.01.21"]
[Round "7.5"]
[White "Kreindl, Helmut"]
[Black "Steinwender, Peter"]
[Result "0-1"]
[WhiteElo "2179"]
[BlackElo "2145"]
[Annotator "TSCHATURANGA-YBBS"]
[PlyCount "112"]
[EventDate "2001.01.21"]

1. Nf3 Nf6 2. g3 d5 3. Bg2 c6 4. b3 Bf5 5. Bb2 e6 6. O-O Bd6 7. d3 O-O 8. c4
Qe7 9. Nbd2 Nbd7 10. Qc2 e5 11. e4 dxe4 12. dxe4 Bg6 13. Nh4 a5 14. Nxg6 hxg6
15. h3 Rfd8 16. Rfd1 Nf8 17. Nf3 N6d7 18. Rd3 f6 19. Rad1 Nc5 20. R3d2 Nce6 21.
Kh2 Bb4 22. Rd3 Rxd3 23. Rxd3 Rd8 24. Rxd8 Qxd8 25. Bc3 Qd6 26. Ne1 Nc5 27. a3
Bxc3 28. Qxc3 Qd4 29. Qc2 Qa1 30. Nd3 Nxd3 31. Qxd3 Qxa3 32. Bf1 Qb2 33. Kg2
Qd4 34. Qc2 Ne6 35. Be2 Nc5 36. f3 Qe3 37. Bd1 Qd3 38. Kf2 Qxc2+ 39. Bxc2 g5
40. Ke3 Kf7 41. Kd2 Ke6 42. Kc3 Na6 43. Bd1 Kd6 44. Be2 Kc5 45. Bd3 Nc7 46. Be2
Ne6 47. Bd1 Nd4 48. h4 gxh4 49. gxh4 Ne6 50. Kd3 Nf4+ 51. Ke3 Ng2+ 52. Kf2 Nxh4
53. Kg3 Ng6 54. Kg4 Ne7 55. f4 Kb4 56. fxe5 fxe5 0-1

[Event "AUT2o-chT"]
[Site "Ybbs"]
[Date "2001.01.21"]
[Round "7.6"]
[White "Koller, Hubert"]
[Black "Schwaninger, Wolfgang"]
[Result "0-1"]
[WhiteElo "2127"]
[BlackElo "2108"]
[Annotator "TSCHATURANGA-YBBS"]
[PlyCount "104"]
[EventDate "2001.01.21"]

1. f4 d5 2. Nf3 Nf6 3. e3 g6 4. d4 Bg7 5. Bd3 c5 6. c3 O-O 7. O-O b6 8. Qe2 Ne4
9. Nbd2 f5 10. Ne5 Bxe5 11. fxe5 e6 12. Nf3 a5 13. Bd2 Ra7 14. g3 Ba6 15. Bxa6
Nxa6 16. a4 Nc7 17. b3 g5 18. Ra2 Qc8 19. Rb1 Qa6 20. Qxa6 Nxa6 21. Be1 g4 22.
Nh4 Rc7 23. c4 Rd8 24. cxd5 Rxd5 25. Ng2 cxd4 26. Nf4 dxe3 27. Nxd5 exd5 28.
Rd1 Ng5 29. Rxd5 Rc1 30. Re2 Nf3+ 31. Kf1 Nb4 32. Rd8+ Kf7 33. Rxe3 Ke7 34. Rh8
Nc2 35. Rxh7+ Kf8 36. Rxf3 gxf3 37. Kf2 Nxe1 38. Rb7 Nd3+ 39. Kxf3 Rc6 40. Ke3
Nxe5 41. h4 Nf7 42. Kf4 Rf6 43. Rd7 Kg7 44. Rd4 Kg6 45. b4 Rc6 46. bxa5 bxa5
47. g4 fxg4 48. Kxg4 Rc4 49. h5+ Kg7 50. Rf4 Ne5+ 51. Kf5 Rxf4+ 52. Kxf4 Nd3+
0-1

[Event "AUT2o-chT"]
[Site "Ybbs"]
[Date "2001.01.21"]
[Round "7.1"]
[White "Tibensky, Robert"]
[Black "Wirius, Stefan"]
[Result "1-0"]
[WhiteElo "2414"]
[BlackElo "2327"]
[Annotator "DONAU-ALJECHIN/W."]
[PlyCount "39"]
[EventDate "2001.01.21"]

1. d4 d5 2. c4 e6 3. Nc3 Be7 4. e3 Nf6 5. Nf3 O-O 6. Bd3 Nbd7 7. O-O dxc4 8.
Bxc4 c5 9. Qe2 cxd4 10. exd4 Nb6 11. Bb3 Nbd5 12. Ne5 Bd7 13. Bg5 Bc6 14. Rad1
Rc8 15. Rd3 Nb4 16. Rg3 Qxd4 17. Nxf7 Rxf7 18. Qxe6 Rcf8 19. Qxe7 Bd5 20. Bxf6
1-0

[Event "AUT2o-chT"]
[Site "Ybbs"]
[Date "2001.01.21"]
[Round "7.2"]
[White "Wirius, Johannes"]
[Black "Wallner, Joachim"]
[Result "1/2-1/2"]
[WhiteElo "2239"]
[BlackElo "2272"]
[Annotator "DONAU-ALJECHIN/W."]
[PlyCount "48"]
[EventDate "2001.01.21"]

1. c4 Nf6 2. Nc3 c5 3. g3 Nc6 4. Bg2 d6 5. d3 g6 6. Nf3 Bg7 7. Bd2 O-O 8. O-O
Rb8 9. a3 a6 10. Rb1 b5 11. cxb5 axb5 12. b4 cxb4 13. axb4 Bd7 14. h3 h6 15. e4
Be6 16. Ne2 d5 17. Nf4 dxe4 18. Nxe6 fxe6 19. Nh4 Qxd3 20. Nxg6 Rfd8 21. Bf4
Rb7 22. Qxd3 Rxd3 23. Ne5 Rc3 24. Rfd1 Ra7 1/2-1/2

[Event "AUT2o-chT"]
[Site "Ybbs"]
[Date "2001.01.21"]
[Round "7.3"]
[White "Steiner, Bruno"]
[Black "Kuthan, Andreas"]
[Result "1/2-1/2"]
[WhiteElo "2236"]
[BlackElo "2192"]
[Annotator "DONAU-ALJECHIN/W."]
[PlyCount "158"]
[EventDate "2001.01.21"]

1. e4 e6 2. d4 d5 3. Nc3 Bb4 4. e5 c5 5. a3 Bxc3+ 6. bxc3 Ne7 7. Nf3 Bd7 8. Bd3
Qa5 9. O-O c4 10. Be2 Nbc6 11. Qd2 Qa4 12. Bd1 O-O-O 13. Nh4 Ng6 14. Nxg6 hxg6
15. Bg4 Ne7 16. Qe2 Rde8 17. Bg5 Qa5 18. Qd2 Ba4 19. h3 Nf5 20. Rfb1 b6 21. Rb4
Kd7 22. Ra2 Ref8 23. Qd1 Ne7 24. Qf3 b5 25. Bxe7 Kxe7 26. Qe2 Rb8 27. Ra1 Qd8
28. Re1 Ke8 29. g3 Qe7 30. Reb1 Kd7 31. Ra1 Rhf8 32. Rbb1 Kc7 33. Re1 Rh8 34.
Qd2 Rhf8 35. Kg2 Rh8 36. h4 Rh6 37. f4 Rbh8 38. Kf3 a6 39. Qc1 Rb8 40. Qb1 Rbh8
41. Qb4 Qxb4 42. axb4 Ra8 43. Re2 Kd7 44. Ke3 Ke7 45. Kd2 Rb8 46. Rae1 Rd8 47.
Bf3 Rh7 48. Rh2 Rdh8 49. Reh1 Rh6 50. Kc1 R6h7 51. Kb2 Rh6 52. g4 Kf8 53. Kc1
Ke7 54. f5 g5 55. h5 Rf8 56. Rf2 Rhh8 57. Rhf1 Rh6 58. Bg2 Rhh8 59. f6+ gxf6
60. exf6+ Kd6 61. Re2 Rh6 62. Re5 Rg8 63. Bxd5 exd5 64. Rff5 Kc6 65. Rxd5 Re8
66. Rc5+ Kd6 67. Rcd5+ Kc6 68. Rc5+ Kd6 69. Rfd5+ Ke6 70. Re5+ Kd7 71. Red5+
Ke6 72. Rxg5 Kxf6 73. Rcf5+ Ke6 74. Re5+ Kd7 75. Rd5+ Ke7 76. Rgf5 Rg8 77.
Rfe5+ Re6 78. g5 f6 79. gxf6+ Kxf6 1/2-1/2

[Event "AUT2o-chT"]
[Site "Ybbs"]
[Date "2001.01.21"]
[Round "7.4"]
[White "Zaynard, Andreas"]
[Black "Fusi, Christoph"]
[Result "0-1"]
[WhiteElo "2074"]
[BlackElo "2275"]
[Annotator "DONAU-ALJECHIN/W."]
[PlyCount "45"]
[EventDate "2001.01.21"]

1. d3 d5 2. f4 c5 3. Nf3 Nc6 4. g3 g6 5. Bg2 Bg7 6. c3 b6 7. O-O Bb7 8. Na3 e6
9. Qe1 Nge7 10. e4 Ba6 11. exd5 exd5 12. c4 O-O 13. g4 Nb4 14. Ne5 f6 15. Nf3
Qd7 16. Qe2 Rae8 17. Ne1 Nec6 18. Qf3 Nd4 19. Qh3 f5 20. gxf5 Ne2+ 21. Kh1 Nxc1
22. Nf3 Qxf5 23. Qh4 0-1

[Event "AUT2o-chT"]
[Site "Ybbs"]
[Date "2001.01.21"]
[Round "7.5"]
[White "Zetthofer, Gerald"]
[Black "Vitouch, Anatol"]
[Result "1/2-1/2"]
[WhiteElo "2242"]
[BlackElo "2084"]
[Annotator "DONAU-ALJECHIN/W."]
[PlyCount "85"]
[EventDate "2001.01.21"]

1. c4 Nf6 2. Nc3 c5 3. g3 d5 4. cxd5 Nxd5 5. Bg2 Nc7 6. d3 e5 7. Qb3 Nc6 8.
Bxc6+ bxc6 9. Be3 Ne6 10. Rc1 Nd4 11. Qa4 Bd7 12. Nf3 f6 13. Ne4 Qb6 14. b3 Be7
15. Nfd2 f5 16. Ng5 h6 17. Ngf3 Qc7 18. Bxd4 cxd4 19. Nc4 Bf6 20. O-O O-O 21.
Qa5 Qxa5 22. Nxa5 e4 23. Nd2 Bg5 24. Rc2 exd3 25. exd3 Rac8 26. f4 Be7 27. Nf3
Bb4 28. Nb7 c5 29. Ne5 Be8 30. Nd6 Rd8 31. Nxe8 Rfxe8 32. Kf2 Rd6 33. Kf3 Re7
34. h3 a5 35. g4 fxg4+ 36. hxg4 Ra6 37. a4 Bc3 38. Rh1 Rb6 39. g5 hxg5 40. Rch2
Rh6 41. Rxh6 gxh6 42. Rxh6 gxf4 43. Nc4 1/2-1/2

[Event "AUT2o-chT"]
[Site "Ybbs"]
[Date "2001.01.21"]
[Round "7.1"]
[White "Balinov, Ilia"]
[Black "Jansa, Vlastimil"]
[Result "1/2-1/2"]
[WhiteElo "2453"]
[BlackElo "2455"]
[Annotator "BADEN-AUSTRIA"]
[PlyCount "106"]
[EventDate "2001.01.21"]

1. d4 Nf6 2. c4 g6 3. Nc3 d5 4. cxd5 Nxd5 5. e4 Nxc3 6. bxc3 Bg7 7. Be3 c5 8.
Qd2 Qa5 9. Nf3 Nc6 10. Rc1 cxd4 11. cxd4 Qxd2+ 12. Kxd2 O-O 13. d5 Rd8 14. Ke1
Nb4 15. Bd2 Na6 16. Bxa6 bxa6 17. Ba5 Rd7 18. Ke2 f5 19. Rhd1 fxe4 20. Ng5 Bh6
21. h4 Bb7 22. Rc4 Bxd5 23. Rcd4 Bxg5 24. hxg5 e6 25. Rxe4 Rc8 26. Rd2 Bc4+ 27.
Ke3 Rxd2 28. Kxd2 Bxa2 29. Bc3 Bd5 30. Ra4 Bc4 31. Be5 Rc5 32. f4 Rd5+ 33. Ke3
Bb5 34. Ra3 Kf8 35. Rc3 a5 36. Rc8+ Ke7 37. Rc7+ Rd7 38. Rxd7+ Kxd7 39. Kd4 a4
40. Kc3 Kc6 41. Kb4 a6 42. g3 Kd5 43. Bb8 Ke4 44. Bc7 Kf3 45. Bb8 Be8 46. Ka3
Kxg3 47. Bc7 Kg4 48. Bb8 Kh5 49. Bc7 h6 50. gxh6 Kxh6 51. Bb8 Kh5 52. Bc7 Kg4
53. Bb8 Kf5 1/2-1/2

[Event "AUT2o-chT"]
[Site "Ybbs"]
[Date "2001.01.21"]
[Round "7.2"]
[White "Rogetzer, Klaus"]
[Black "Miniboeck, Guenter"]
[Result "0-1"]
[WhiteElo "2213"]
[BlackElo "2413"]
[Annotator "BADEN-AUSTRIA"]
[PlyCount "79"]
[EventDate "2001.01.21"]

1. d4 Nf6 2. Nf3 c5 3. e3 g6 4. c4 Bg7 5. Nc3 O-O 6. Be2 d5 7. O-O cxd4 8. Nxd4
dxc4 9. Bxc4 a6 10. Qb3 b5 11. Be2 e5 12. Nf3 e4 13. Ng5 Bb7 14. a4 Qa5 15. Rd1
h6 16. Nh3 Nbd7 17. Nf4 Nc5 18. Qa2 b4 19. Nxg6 bxc3 20. Nxf8 c2 21. Rf1 Rxf8
22. b4 Qxb4 23. Qxc2 Qa5 24. Bd2 Qc7 25. Rab1 Bd5 26. Rfc1 Rc8 27. Bb4 Nfd7 28.
Qd2 Qc6 29. Bxa6 Qxa6 30. Qxd5 Nb6 31. Qf5 Ncxa4 32. Rxc8+ Qxc8 33. Qxe4 Qc4
34. Qxc4 Nxc4 35. Kf1 Nab6 36. Ke2 Nd5 37. Rc1 Ncxe3 38. Rc8+ Kh7 39. Bd2 Nxg2
40. Kf3 0-1

[Event "AUT2o-chT"]
[Site "Ybbs"]
[Date "2001.01.21"]
[Round "7.3"]
[White "Brandner, Stefan"]
[Black "Steiner, Johann"]
[Result "1/2-1/2"]
[WhiteElo "2344"]
[BlackElo "2112"]
[Annotator "BADEN-AUSTRIA"]
[PlyCount "85"]
[EventDate "2001.01.21"]

1. e4 d5 2. exd5 Qxd5 3. Nc3 Qa5 4. d4 Nf6 5. Bc4 c6 6. Nge2 Bf5 7. Bd2 Qd8 8.
Ng3 Bg6 9. Qe2 e6 10. O-O-O Be7 11. f4 O-O 12. f5 exf5 13. Rhf1 Ne4 14. Nxf5
Bxf5 15. Nxe4 Bg6 16. Rf4 Nd7 17. Rdf1 Nb6 18. Bb3 Nd5 19. R4f2 Bh4 20. g3 Re8
21. gxh4 Rxe4 22. Qf3 Qxh4 23. Rg1 Qf6 24. c4 Qxf3 25. Rxf3 Nf6 26. Bc3 b5 27.
cxb5 cxb5 28. Rxf6 gxf6 29. Bd5 Rae8 30. Bxe4 Rxe4 31. d5 Rc4 32. d6 Kf8 33.
Kd1 Ke8 34. Bxf6 Kd7 35. Be5 h5 36. Rg3 Re4 37. Rg5 Rg4 38. Rxg4 hxg4 39. Kd2
Bf5 40. Kc3 a5 41. b3 a4 42. Kb4 axb3 43. axb3 1/2-1/2